|
|
|
|
| LEADER |
00000cam a2200000 a 4500 |
| 001 |
vtls010861936 |
| 003 |
SK-MaSNL |
| 005 |
20260301035636.0 |
| 008 |
160430s2015 xr a 000 0 slo |
| 015 |
|
|
|a SNBZSA2015
|
| 020 |
|
|
|a 9788073534325 (brož.)
|
| 040 |
|
|
|a SNK
|b slo
|c SNK
|e AACR2
|
| 041 |
1 |
|
|a slo
|h [cze]
|
| 044 |
|
|
|a xr
|c CZ
|
| 072 |
|
7 |
|a 793
|2 x Společenská zábava
|2 konspekt
|
| 072 |
|
7 |
|a 0/9-053.2
|x Literatúra pre deti a mládež (náučná)
|2 konspekt
|
| 080 |
|
|
|a 793.7
|2 2001
|
| 080 |
|
|
|a (0.053.2)
|2 2001
|
| 100 |
1 |
|
|a Nováková, Iva
|4 aut
|4 ill
|9 46025
|
| 245 |
1 |
0 |
|a Tajomstvo ľadovej hory
|c Iva Nováková
|
| 260 |
|
|
|a Praha
|b Pierot
|c [2015]
|
| 300 |
|
|
|a 40 s.
|b fareb. ilustr.
|c 23 cm
|
| 500 |
|
|
|a Prel. z češ.
|
| 521 |
1 |
|
|a Od 7 rokov
|
| 650 |
0 |
7 |
|a hlavolamy
|2 SNKPH
|9 3312
|
| 650 |
0 |
7 |
|a rébusy
|2 SNKPH
|9 69810
|
| 650 |
0 |
7 |
|a Puzzles
|2 SNKPHeng
|9 325046
|
| 650 |
0 |
7 |
|a Rebuses
|2 SNKPHeng
|9 333792
|
| 650 |
0 |
7 |
|a doplňovačky
|2 SNKPH
|9 304542
|
| 650 |
0 |
7 |
|a Dot to dots
|2 SNKPHeng
|9 338449
|
| 655 |
|
7 |
|a Children's literature
|2 SNKPHeng
|9 276039
|
| 655 |
|
7 |
|a publikácie pre deti
|2 SNKPH
|9 70148
|
| 919 |
|
|
|a 978-80-7353-432-5
|
| 958 |
|
|
|a ZS
|
| 958 |
|
|
|a CZ
|
| 958 |
|
|
|a OP
|
| 958 |
|
|
|a DB
|
| 999 |
|
|
|c 584549
|d 586479
|
| 952 |
|
|
|a SNK
|b SNK
|y PREZ
|7 0
|p 17A1171022
|o snkOSC 27293
|i snk2015/25798
|8 4
|g 2.10
|0 0
|1 0
|4 0
|d 2015-08-19
|l 0
|r 2026-02-23 15:04:21
|w 2026-02-23
|